000
00286nam a2200121 4500
999
_c
534171
_d
534171
040
_c
DLC
082
_a
910.4
_b
TAR
100
_a
Tarar, Mustansar Hussain
_9
3135
245
_a
Yaak Sarai / یاک سرائے
260
_a
Lahore
_b
Sang-e-Meel
_c
2004
300
_a
448;p
942
_2
ddc
_c
BK